|
|
|
|
| LEADER |
01014nab a2200277 i 4500 |
| 001 |
publ16033 |
| 005 |
20190705163724.0 |
| 008 |
190705s2016 hu o 0|| angol d |
| 022 |
|
|
|a 0022-328X
|
| 024 |
7 |
|
|a 10.1016/j.jorganchem.2016.07.017
|2 doi
|
| 024 |
7 |
|
|a 3097473
|2 mtmt
|
| 040 |
|
|
|a SZTE Publicatio Repozitórium
|b hun
|
| 041 |
|
|
|a angol
|
| 100 |
1 |
|
|a Nogueira Guilherme
|
| 245 |
1 |
0 |
|a η6-(2-Phenoxyethanol) ruthenium(II)-complexes of 2,2’-bipyridine and its derivatives
|h [elektronikus dokumentum] :
|b solution speciation and kinetic behaviour /
|c Nogueira Guilherme
|
| 260 |
|
|
|c 2016
|
| 300 |
|
|
|a 20-29
|
| 490 |
0 |
|
|a JOURNAL OF ORGANOMETALLIC CHEMISTRY
|v 820
|
| 700 |
0 |
1 |
|a Dömötör Orsolya
|e aut
|
| 700 |
0 |
1 |
|a Pilon Adhan
|e aut
|
| 700 |
0 |
1 |
|a Robalo M. Paula
|e aut
|
| 700 |
0 |
1 |
|a Avecilla Fernando
|e aut
|
| 700 |
0 |
1 |
|a Garcia M. Helena
|e aut
|
| 700 |
0 |
1 |
|a Enyedy Éva Anna
|e aut
|
| 700 |
0 |
1 |
|a Valente Andreia
|e aut
|
| 856 |
4 |
0 |
|u http://publicatio.bibl.u-szeged.hu/16033/1/Nogueira_JOC_2016.pdf
|z Dokumentum-elérés
|